00330nam a22001097a 4500008004100000082001700041110004200058245004200100260006300142300000900205440000600214230606b xxu||||| |||| 00| 0 eng d a340.050bCHE bThe University of Nairobi Law Journal aThe University of Nairobi Law Journal aNairobi,KenyabThe University of Nairobi Law Journalc2003 a272p v1